000 00403nam a22001577a 4500
003 MACL
005 20150603165544.0
008 150603b xxu||||| |||| 00| 0 eng d
040 _cMACL
082 _a363/SIN
100 _aSingh, Shalindra Kumar
_9129
245 _aRethinking Multilingualism
260 _aGuwahati
_bEBH Publishers
_c2009
650 _aSocial Problems
_9130
942 _2ddc
_cBK
_k363/SIN
999 _c49785
_d49785